ბათუმის შოთა რუსთაველის სახელმწიფო უნივერსიტეტის ბიბლიოთეკა

Вестник Древней истории 4 Октябрь-ноябрь-декабрь 2016 (ბიბ.ჩანაწერი № 53078)

000 -LEADER
fixed length control field 00708nam a2200217Ia 4500
001 - CONTROL NUMBER
control field 20116
003 - CONTROL NUMBER IDENTIFIER
control field GE_BSU
008 - FIXED-LENGTH DATA ELEMENTS--GENERAL INFORMATION
fixed length control field 181216s||||||||xx |||||||||||||| ||und||
040 ## - CATALOGING SOURCE
Transcribing agency GE_BSU
245 ## - TITLE STATEMENT
Title Вестник Древней истории 4 Октябрь-ноябрь-декабрь 2016
245 ## - TITLE STATEMENT
Remainder of title Journal of ancient history
245 ## - TITLE STATEMENT
Statement of responsibility, etc. Гл. ред. А.И.Иванчук и др.
260 ## - PUBLICATION, DISTRIBUTION, ETC.
Place of publication, distribution, etc. Москва
260 ## - PUBLICATION, DISTRIBUTION, ETC.
Name of publisher, distributor, etc. Наука
260 ## - PUBLICATION, DISTRIBUTION, ETC.
Date of publication, distribution, etc. 2016
300 ## - PHYSICAL DESCRIPTION
Extent 853-1088стр.23см.
653 ## - INDEX TERM--UNCONTROLLED
Uncontrolled term Вестник Древней истории. 4 Октябрь-ноябрь-декабрь 2016
653 ## - INDEX TERM--UNCONTROLLED
Uncontrolled term Периодика
653 ## - INDEX TERM--UNCONTROLLED
Uncontrolled term პერიოდიკა
942 ## - ADDED ENTRY ELEMENTS (KOHA)
Koha item type პერიოდიკა
ეგზემპლარები
Withdrawn status Lost status Damaged status Not for loan Date acquired Barcode Date last seen Price effective from Koha item type Public note
        2018-12-17 р 78342 2018-12-17 2018-12-17 პერიოდიკა პერიოდიკა